000
00324nam a22001217a 4500
008
180425b xxu||||| |||| 00| 0 eng d
041
_a
eng
080
_a
043.3
100
_a
0
101
_a
SHKI-BTH
245
_a
Krahasimi i protokolleve të sigurisë për Skype dhe Vuber me veglën Wireshark
_c
Jonuzi,E
942
_2
udc
_c
BK
999
_c
45546
_d
45546